LEADER 00879nam0-22002771i-450- 001 990006002480403321 005 19980601 035 $a000600248 035 $aFED01000600248 035 $a(Aleph)000600248FED01 035 $a000600248 100 $a19980601d1953----km-y0itay50------ba 105 $a--------00-yy 200 1 $a<>fonti delle obbligazioni secondo le varie classificazioni e la classificazione del nuovo Codice Civile$fCARMELO SCUTO 210 $aNapoli$cTreves$d1953 215 $a155 p.$d22 cm 676 $a346.02 700 1$aScuto,$bCarmelo$0181654 801 0$aIT$bUNINA$gRICA$2UNIMARC 901 $aBK 912 $a990006002480403321 952 $aVIII F 68$b45000$fFGBC 959 $aFGBC 996 $aFonti delle obbligazioni secondo le varie classificazioni e la classificazione del nuovo Codice Civile$9581647 997 $aUNINA DB $aGIU01 LEADER 01366nam--2200397---450- 001 990003157380203316 005 20081008132457.0 010 $a978-88-348-8441-6 035 $a000315738 035 $aUSA01000315738 035 $a(ALEPH)000315738USA01 035 $a000315738 100 $a20081008d2008----km-y0itay50------ba 101 $aita 102 $aIT 105 $a||||||||001yy 200 1 $aCasse di previdenza$eanalisi delle dinamiche attuariali 205 $a2. ed 210 $aTorino$cG. Giappichelli$d2008 215 $aXVIII, 144 p.$d24 cm 225 2 $aDipartimento di economia impresa regolamentazione$iStudi e ricerche$fUniversità degli studi di Sassari$v2 410 0$1001$12001$aDipartimento di economia impresa regolamentazione$iStudi e ricerche$fUniversità degli studi di Sassari 606 0 $aIstituti di previdenza$xMatematica attuariale$2BNCF 676 $a368.320151 700 1$aTRUDDA,$bAlessandro$0593252 801 0$aIT$bsalbc$gISBD 912 $a990003157380203316 951 $a368.320 TRU 1$b16827 E.C.$c368.320$d00167144 959 $aBK 969 $aECO 979 $aCHIARA$b90$c20081008$lUSA01$h1321 979 $aCHIARA$b90$c20081008$lUSA01$h1322 979 $aCHIARA$b90$c20081008$lUSA01$h1324 979 $aCHIARA$b90$c20081008$lUSA01$h1324 996 $aCasse di previdenza$9999111 997 $aUNISA